000 00338nam a22001457a 4500
020 _a9781292075983
082 _a621.395 FLO
100 _aThomas L. Floyd
245 _aDigital fundamentals
250 _a11th
260 _aNew York
_bPearson
_c2015
300 _apv
_bill.;
650 _aDigital electronics
_aLogic circuits
942 _cBK
999 _c13542
_d13542